Применение метода F-радиографии для изучения особенностей распределения урана и других делящихся элементов в почвах [Томской области]; Актуальные вопросы геологии и географии Сибири; Т. 3

Dades bibliogràfiques
Parent link:Актуальные вопросы геологии и географии Сибири: материалы научной конференции, посвященной 120-летию основания Томского государственного университета, Томск, 1-4 апреля 1998 г./ Томский государственный университет.— , 1998-
Т. 3.— 1998.— С. 246-248
Autor principal: Архангельский В. В.
Altres autors: Рихванов Л. П. Леонид Петрович
Idioma:rus
Publicat: 1998
Matèries:
Format: MixedMaterials Capítol de llibre
KOHA link:https://koha.lib.tpu.ru/cgi-bin/koha/opac-detail.pl?biblionumber=150131

MARC

LEADER 00000naa2a2200000 4500
001 150131
005 20231031150116.0
035 |a (RuTPU)RU\TPU\book\162745 
090 |a 150131 
100 |a 20081225d1998 k y0rusy50 ca 
101 0 |a rus 
102 |a RU 
200 1 |a Применение метода F-радиографии для изучения особенностей распределения урана и других делящихся элементов в почвах [Томской области]  |f В. В. Архангельский, Л. П. Рихванов 
320 |a Библиогр.: с. 248 (5 назв.) 
461 1 |0 (RuTPU)RU\TPU\book\44719  |t Актуальные вопросы геологии и географии Сибири  |o материалы научной конференции, посвященной 120-летию основания Томского государственного университета, Томск, 1-4 апреля 1998 г.  |f Томский государственный университет  |d 1998- 
463 0 |0 (RuTPU)RU\TPU\book\43955  |t  Т. 3  |v С. 246-248  |d 1998  |p 311 с. 
610 1 |a труды учёных ТПУ 
700 1 |a Архангельский  |b В. В. 
701 1 |a Рихванов  |b Л. П.  |c российский ученый, геолог  |c профессор Томского политехнического университета, доктор геолого-минералогических наук  |c заслуженный геолог РФ  |c почетный работник высшего образования РФ  |f 1945-  |g Леонид Петрович  |2 stltpush  |3 (RuTPU)RU\TPU\pers\23187 
801 1 |a RU  |b 63413507  |c 20081225  |g PSBO 
801 2 |a RU  |b 63413507  |c 20100514  |g PSBO 
942 |c BK